<?xml version="1.0" encoding="UTF-8"?>
<record
    xmlns:xsi="http://www.w3.org/2001/XMLSchema-instance"
    xsi:schemaLocation="http://www.loc.gov/MARC21/slim http://www.loc.gov/standards/marcxml/schema/MARC21slim.xsd"
    xmlns="http://www.loc.gov/MARC21/slim">

  <leader>01524nam a22002417a 4500</leader>
  <controlfield tag="003">CBULib</controlfield>
  <controlfield tag="005">20250127123840.0</controlfield>
  <controlfield tag="008">250127b        |||||||| |||| 00| 0 eng d</controlfield>
  <datafield tag="020" ind1=" " ind2=" ">
    <subfield code="a">9780123567864</subfield>
  </datafield>
  <datafield tag="040" ind1=" " ind2=" ">
    <subfield code="b">English</subfield>
    <subfield code="c">CBULib</subfield>
    <subfield code="e">rda</subfield>
  </datafield>
  <datafield tag="050" ind1=" " ind2=" ">
    <subfield code="a">QP 151.5 Hou</subfield>
  </datafield>
  <datafield tag="100" ind1="1" ind2=" ">
    <subfield code="9">125</subfield>
    <subfield code="a">House, James E.</subfield>
  </datafield>
  <datafield tag="245" ind1=" " ind2=" ">
    <subfield code="a">Inorganic chemistry</subfield>
  </datafield>
  <datafield tag="260" ind1=" " ind2=" ">
    <subfield code="a">Amsterdam :</subfield>
    <subfield code="b">Academic Press/Elservier,</subfield>
    <subfield code="c">2008</subfield>
  </datafield>
  <datafield tag="300" ind1=" " ind2=" ">
    <subfield code="a">xiii, 850 pages : illustrations</subfield>
  </datafield>
  <datafield tag="336" ind1=" " ind2=" ">
    <subfield code="2">rdacontent</subfield>
    <subfield code="a">Text |</subfield>
    <subfield code="b">txt</subfield>
  </datafield>
  <datafield tag="337" ind1=" " ind2=" ">
    <subfield code="2">rdamedia</subfield>
    <subfield code="a">Unmediated |</subfield>
    <subfield code="b">n</subfield>
  </datafield>
  <datafield tag="338" ind1=" " ind2=" ">
    <subfield code="2">rdacarrier</subfield>
    <subfield code="a">Volume</subfield>
    <subfield code="b">nc</subfield>
  </datafield>
  <datafield tag="500" ind1=" " ind2=" ">
    <subfield code="a">"Inorganic chemistry is a broad, rapidly developing field that includes theoretical, physical, and synthetic topics. If organic chemistry is defined as the chemistry of hydrocarbon compounds and their derivatives, then inorganic chemistry can be described as the chemistry of "everything else." This includes all of the remaining elements in the periodic table as well as carbon, which plays a major role in many inorganic compounds." "Written for the one-semester inorganic chemistry course, this textbook provides essential information for upper-level undergraduate and graduate students and for individuals pursuing self-study. The author presents the major areas of inorganic chemistry in a clear, concise manner and incorporates pedagogy that reflects his extensive experience teaching the course."--Jacket
</subfield>
  </datafield>
  <datafield tag="504" ind1=" " ind2=" ">
    <subfield code="a">Includes bibliographic references and index.</subfield>
  </datafield>
  <datafield tag="650" ind1=" " ind2="0">
    <subfield code="9">126</subfield>
    <subfield code="a">CHEMISTRY, INORGANIC--TEXTBOOKS</subfield>
  </datafield>
  <datafield tag="942" ind1=" " ind2=" ">
    <subfield code="2">lcc</subfield>
    <subfield code="c">002</subfield>
  </datafield>
  <datafield tag="999" ind1=" " ind2=" ">
    <subfield code="c">85954</subfield>
    <subfield code="d">85954</subfield>
  </datafield>
  <datafield tag="952" ind1=" " ind2=" ">
    <subfield code="0">0</subfield>
    <subfield code="1">0</subfield>
    <subfield code="2">lcc</subfield>
    <subfield code="4">0</subfield>
    <subfield code="7">0</subfield>
    <subfield code="8">MC</subfield>
    <subfield code="a">001</subfield>
    <subfield code="b">001</subfield>
    <subfield code="c">GEN</subfield>
    <subfield code="d">2025-01-27</subfield>
    <subfield code="e">Book Aid International</subfield>
    <subfield code="l">3</subfield>
    <subfield code="o">QP 151.5 Hou</subfield>
    <subfield code="p">744348</subfield>
    <subfield code="r">2025-05-08</subfield>
    <subfield code="s">2025-04-17</subfield>
    <subfield code="t">1</subfield>
    <subfield code="w">2025-01-27</subfield>
    <subfield code="y">002</subfield>
  </datafield>
</record>
